Statystyki dla Rozpoznaj Kraj po opisie cz.3

Kliknij tutaj aby rozwiązać quiz!

Ogólne statystyki

  • Ten quiz został rozwiązany 87 razy
  • Średni wynik to 9 z 15

Statystyki odpowiedzi

WskazówkaOdpowiedź% Poprawnych
Kraj, który uzyskał niepodległość w 2008 roku (wciąż nieuznawany przez ONZ).Kosowo
91%
Górzyste Państwo znajdujące się pomiędzy Francją, a Hiszpanią mające mniej niż 100k mieszkańców.Andora
89%
W tym kraju znajduję się największe miasto w Europie mimo iż w 97% jest położony w Azji.Turcja
88%
Jest to jedyny kraj w Europie z karą śmierci.Białoruś
82%
W tym kraju znajduje się najwyższy budynek na Świecie.Zjednoczone Emiraty Arabskie
82%
Kraj Położony nad Morzem Czarnym, w którym głównym alfabetem jest cyrylica, a w 2007 roku dołączył do UE.Bułgaria
77%
W tym kraju odbyły się pierwsze Mistrzostwa Świata w Piłce Nożnej (1930 rok).Urugwaj
75%
W tym kraju znajduje się największa skocznia narciarska na Świecie.Norwegia
68%
Ten kraj słynie ze swojego systemu edukacji.Finlandia
52%
Ten kraj jest małą wysepką w kształcie liścia.Cypr
45%
Jedyny kraj w Azji, w którym mówi się po portugalsku.Timor Wschodni
45%
W 2020 roku w tym kraju doszło do wybuchu 2750 ton azotanu amonowego, przez który zginęły 204 osoby.Liban
43%
Państwo z najwyższym wskaźnikiem otyłości (61%).Nauru
29%
Jest to najniżej położone Państwo na Świecie.Malediwy
23%
W tym kraju są aż 74 litery w alfabecie.Kambodża
13%

Rozkład punktacji

Percentyl według liczby udzielonych odpowiedzi

Procent ludzi z każdym wynikiem

Twoja historia wyników

Nie rozwiązałeś tego quizu